00482nam a2200133Ia 4500008004100000020001800041100003400059245003500093250001600128260002900144300001400173999001900187952014200206171211s9999 xx 000 0 und d a9789746522458 aStevens, Christine Dorresteyn aClinical Immunology & Serology a3rd Edition bF.A. Davis Companyc2010 a454 pages c350875d350875 001040aSSLCbSSLCcSSLCd2017-12-11eLibrary Fundl1m11oRB 46.5 .St73 2010pSSLC1519r2019-05-16 00:00:00s2019-03-20w2017-12-11yBK